Los carnívoros de Chile
Guardat en:
| Autors principals: | , |
|---|---|
| Format: | Llibre |
| Idioma: | espanyol |
| Publicat: |
Santiago
Centro UC Capes
2017
|
| Edició: | 2a. ed |
| Matèries: | |
| Etiquetes: |
Afegir etiqueta
Sense etiquetes, Sigues el primer a etiquetar aquest registre!
|
MARC
| LEADER | 00000cam a2200000 a 4500 | ||
|---|---|---|---|
| 001 | UCC3866 | ||
| 003 | CL-VaPUC | ||
| 008 | 180622e20170000cl |||||||||||||||||spa|d | ||
| 020 | |a 9789563511680 | ||
| 082 | 0 | 4 | |a 591.983 |b IRI |2 21 |
| 100 | |a Iriarte Walton, Agustín |e author |9 598064 | ||
| 700 | |a Jaksic Andrade, Fabián M |e author |9 566415 | ||
| 245 | 1 | 4 | |a Los carnívoros de Chile |
| 250 | |a 2a. ed | ||
| 300 | |a 259 p | ||
| 942 | |c BK | ||
| 945 | |d 20180622 13:48:00 |a dcastane | ||
| 260 | |a Santiago |b Centro UC Capes |c 2017 | ||
| 650 | 0 | |a Fauna chilena |9 505069 | |
| 650 | 7 | |a CARNIVOROS |2 CL-VaPUC |9 597980 | |
| 583 | |a last modification |c 20180622 13:48:00 |k Rodrigo Vera | ||
| 999 | |c 371534 |d 371532 | ||
| 952 | |0 0 |1 0 |3 erb |4 0 |6 591_983000000000000_IRI_2017 |7 0 |8 A |9 488544 |a BIBING |b BIBING |i 5476984 |l 2 |m 3 |o 591.983 IRI 2017 |p 5476984 |r 2025-01-20 |s 2024-08-27 |w 2019-11-24 |y BK |z Catalogado en:20180622 |k GEO | ||